00871nam a22002177a 4500999001900000005001700019010001500036020002600051035001400077037001300091082001600104245016800120260003700288270005100325300004000376700004000416700002100456700001800477942003000495952012800525 c156457d15645720181115142250.0 aENG-123783 c395.00a9788171428007 aEN-107315 bDBAD/PUB a954.0841092 aThe hanging of Bhagat Singh vol. 2-A /cedited by Malwinderjit Singh Waraich; Rajwanti Mann [and] Harish Jainbselect tribunal proceedings with Sukhdev's remarks / aChandigarhbUnistar Books c2010 aS.C.O, 26-27, Sector 43A, bChandigarhe160022 avol. 2-A (xxxix, 267p.) c24cm (Hb) a Waraich, Malwinderjit Singh934095 a Mann, Rajwanti aJain, Harish  2ddccENmHANh954.0841092 001040718NFICaDBADbBNd2018-08-28eDBAD/PUBg395.00l0o954.0841092 HANpEN-107315r2018-08-28 00:00:00t1v395.00yEN